Dumbledore's Army - Sudden death - Statistics

General Stats
  • This quiz has been taken 866 times
    305 since last reset
  • The average score is 8 of 13
Answers on the Grid
Answers color-coded by a green-red scale on the quiz's grid according to % correct below.
Alicia Spinnet
Angelina Johnson
Anthony Goldstein
Barnaby Lee
Blaise Zabini
Cassius Warrington
Cedric Diggory
Cho Chang
Dean Thomas
Dennis Creevey
Draco Malfoy
Fred Weasley
Gregory Goyle
Hannah Abbott
Justin Finch-Fletchley
Marcus Belby
Marcus Flint
Michael Corner
Millicent Bulstrode
Padma Patil
Pansy Parkinson
Susan Bones
Terry Boot
Theodore Nott
 
Answer Stats
Answer % Correct
Cho Chang
82%
Fred Weasley
76%
Angelina Johnson
73%
Dean Thomas
72%
Padma Patil
63%
Susan Bones
59%
Hannah Abbott
57%
Alicia Spinnet
56%
Justin Finch-Fletchley
51%
Dennis Creevey
49%
Anthony Goldstein
47%
Terry Boot
46%
Michael Corner
44%
No matching quizzes found
Score Distribution
Percent of People with Each Score
Percentile by Number Answered
Your Score History
You have not taken this quiz since the last reset